=LDR 00000nam 2200000 4500 =001 INLIS000000000022742 =005 20130612121453 =008 ***********************************Ind** =035 ##$$0010-061300000022742 =041 ##$$a Ind =082 ##$$a 297 =090 ##$$a 297, Sew i =100 ##$$a Sewang, ahmad m =245 ##$$a Islamisasi kerajaan gowa (abad xvi sampai abad xvii), Ahmad msewang =260 ##$$a 2005 $b Jakarta =300 ##$$a xvi, 210 hlm, ilus, 21 cm =650 ##$$a islam =850 ##$$a NBPNMAT